| 000 | 00467cam a22001217a 4500 | ||
|---|---|---|---|
| 008 | 180718b1967 xxu||||| |||| 00| 0 eng d | ||
| 082 | _aXA044x42 Un3 | ||
| 245 |
_aHousing subsidies manual: housing subsides act 1967 _cby Ministry Of Housing And Local Government |
||
| 260 |
_aLondon _bHer Majesty's Stationery Office _c1967 |
||
| 300 | _a92p | ||
| 650 | _aHousing --Finance --Law and legislation --Great Britain | ||
| 700 | _aU.K. Ministry Of Housing And Local Government | ||
| 999 |
_c414033 _d414033 |
||